A descriptive study of citpavni a dialect of marathi / (Record no. 146550)

MARC details
000 -LEADER
fixed length control field 00622nam a22001937a 4500
005 - DATE AND TIME OF LATEST TRANSACTION
control field 20171012144521.0
010 ## - LCCN (DPL NO)
LC control number ENG-120854
020 ## - INTERNATIONAL STANDARD BOOK NUMBER
Terms of availability 300.00
035 ## - SYSTEM CONTROL NUMBER
System control number EN-104386
037 ## - SOURCE OF ACQUISITION
Source of stock number/acquisition DBAD/PUB
082 ## - DEWEY DECIMAL CLASSIFICATION NUMBER
Classification number 491.467
100 ## - MAIN ENTRY--PERSONAL NAME
Personal name Bhide, Vasudha
245 ## - TITLE STATEMENT
Title A descriptive study of citpavni a dialect of marathi /
Statement of responsibility, etc by Vasudha Bhide
260 ## - PUBLICATION, DISTRIBUTION, ETC. (IMPRINT)
Place of publication, distribution, etc Pune
Name of publisher, distributor, etc Dr. Vasudha Bhide (Nishtha)
Date of publication, distribution, etc 2013
270 ## - ADDRESS
Address 42 omkareshwar socity , sahakar nagar
City Pune Delhi
Postal code 411009
300 ## - PHYSICAL DESCRIPTION
Extent xxxii,274p.
Dimensions 23 Cm.(hb)
500 ## - GENERAL NOTE
General note Includes bibliographical reference and index
942 ## - ADDED ENTRY ELEMENTS (KOHA)
Source of classification or shelving scheme Dewey Decimal Classification
Item type English Books
Classification part 491.467
Call number suffix VAS
Holdings
Withdrawn status Lost status Not for loan Collection code Home library Current library Date acquired Source of acquisition Cost, normal purchase price Full call number Barcode Copy number Cost, replacement price Koha item type
    Not For Loan Non-fiction D.B.Act.Division Bawana 12/10/2017 DBAD/PUB 300.00 491.467 VAS EN-104386 1 300.00 English Books

© Delhi Public Library
Hit Counter
free hit counter